| 000 | 00371nam a2200145Ia 4500 | ||
|---|---|---|---|
| 005 | 20250729165341.0 | ||
| 008 | 250729s2004 xx 000 0 und d | ||
| 041 | _aeng | ||
| 082 | _a370 SIDT | ||
| 100 |
_akleiser grenville _9221530 |
||
| 245 | _aCOMON Error In English | ||
| 260 |
_aNew Delhi _bA P H Publishing _c2004 |
||
| 300 | _a354p | ||
| 650 |
_aTechnology _9221531 |
||
| 999 |
_c235055 _d235055 |
||